000
00393nam a22001577a 4500
003
MPLRDC
005
20220104142844.0
008
210129b ||||| |||| 00| 0 eng d
082
_a
496.5 XMZL
100
_a
夏目志郎
245
_a
冠军推销员
_c
刘淑卿译
260
_a
_b
现代工商出版社
_c
300
_b
平
650
_a
推销策略; 贩卖术
942
_c
BK
_o
496.5 XMZL
999
_c
34265
_d
34255